Normal view MARC view
  • Khwaja Hyder Ali Aatish

Entry Personal Name

Number of records used in: 1

001 - CONTROL NUMBER

  • control field: 29865

003 - CONTROL NUMBER IDENTIFIER

  • control field: NUST

005 - DATE AND TIME OF LATEST TRANSACTION

  • control field: 20200904102313.0

008 - FIXED-LENGTH DATA ELEMENTS

  • fixed length control field: 200904|| aca||aabn | a|a d

040 ## - CATALOGING SOURCE

  • Original cataloging agency: NUST
  • Transcribing agency: NUST

100 ## - HEADING--PERSONAL NAME

  • Personal name: Khwaja Hyder Ali Aatish

670 ## - SOURCE DATA FOUND

  • Source citation: Work cat.: (NUST): Khwaja Hyder Ali Aatish, Kulliyat-e-Aatish - کلیا ت ِ آتش, 2007
© 2023 Central Library, National University of Sciences and Technology. All Rights Reserved.